[Event "Challenge"]
[Site "http://www.queenalice.com/game.php?id=685088"]
[Date "2009.11.18"]
[Round "-"]
[White "Feee"]
[Black "juleba"]
[Result "1-0"]
[WhiteElo "1759"]
[BlackElo "1465"]

1. e4 e5 2. Nf3 Nf6 3. Nxe5 d6 4. Nf3 Nbd7 5. d3 Be7 6. Nbd2 c6 7. d4 d5 8. e5
Ne4 9. Bd3 f5 10. c4 Bb4 11. a3 Be7 12. h4 h6 13. e6 Nf8 14. cxd5 a6 15. Ne5
Nxe6 16. dxe6 Qxd4 17. Qh5+ Kd8 18. Nf7+ Kc7 19. Bxe4 Bc5 20. O-O Bxe6 21. Nxh8
Rxh8 22. Bxf5 Rf8 23. Nf3 Qd5 24. Bf4+ Kb6 25. Rad1 Bxf2+ 26. Kxf2 Qc5+ 27. Be3
Rxf5 28. Bxc5+ Rxc5 29. Qe8 Bb3 30. Rc1 Rxc1 31. Rxc1 Ka7 32. Qe3+ 1-0

[Event "Challenge"]
[Site "http://www.queenalice.com/game.php?id=685210"]
[Date "2009.11.18"]
[Round "-"]
[White "Feee"]
[Black "thomas01"]
[Result "1-0"]
[WhiteElo "1815"]
[BlackElo "1705"]

1. e4 e5 2. Nf3 Nf6 3. Nxe5 Nxe4 4. Qf3 Ng5 5. Qe3 Be7 6. h4 d6 7. hxg5 Bxg5 8.
f4 Bh4+ 9. g3 Bf6 10. Nc6+ Be6 11. Nxd8 Kxd8 12. Nc3 c6 13. Ne4 Bd5 14. Nxd6 Kd7
15. Nxb7 Na6 16. Bh3+ Kc7 17. O-O Kxb7 18. Bg2 Bc4 19. d3 Rae8 20. Qf3 Bd4+ 21.
Kh2 Rc8 22. dxc4 h6 23. c3 Bc5 24. b4 Be7 25. Qh5 g6 26. Qb5+ Ka8 27. Bxc6+ Rxc6
28. Qxc6+ Kb8 29. Qxa6 Rd8 30. c5 Bf6 31. Qxf6 Rc8 32. f5 gxf5 33. Rxf5 Kb7 34.
b5 Ka8 35. Qxf7 Rb8 36. c6 Rc8 37. Qb7# 1-0

[Event "Challenge"]
[Site "http://www.queenalice.com/game.php?id=686473"]
[Date "2009.11.20"]
[Round "-"]
[White "Feee"]
[Black "Hagi"]
[Result "1-0"]
[WhiteElo "1744"]
[BlackElo "1725"]

1. e4 e5 2. Nf3 d6 3. c3 c5 4. Bc4 Qd7 5. Ng5 Nh6 6. Na3 Be7 7. h4 O-O 8. Qc2
Qg4 9. g3 a6 10. d4 Nd7 11. Be2 Qxe2+ 12. Qxe2 cxd4 13. cxd4 exd4 14. Qd3 Bf6
15. e5 Bxg5 16. hxg5 Nxe5 17. Qe4 Bf5 18. Qd5 Nd3+ 19. Kd2 Be6 20. Qxd4 Nc5 21.
gxh6 g6 22. Qg7# 1-0

[Event "Challenge"]
[Site "http://www.queenalice.com/game.php?id=687474"]
[Date "2009.11.23"]
[Round "-"]
[White "Feee"]
[Black "Thaisa"]
[Result "1-0"]
[WhiteElo "1763"]
[BlackElo "1100"]

1. e4 Nf6 2. e5 Nd5 3. Bc4 Nf4 4. Qf3 h6 5. Qxf4 e6 6. d4 Bb4+ 7. c3 Qh4 8. Qxh4
a5 9. cxb4 axb4 10. Bg5 hxg5 11. Qxh8+ Ke7 12. Qxc8 Nc6 13. Qxa8 Nxe5 14. dxe5
d5 15. Bb5 b6 16. Qe8# 1-0

[Event "Challenge"]
[Site "http://www.queenalice.com/game.php?id=687643"]
[Date "2009.11.24"]
[Round "-"]
[White "Feee"]
[Black "dhiratsuka"]
[Result "1-0"]
[WhiteElo "1765"]
[BlackElo "1655"]

1. e4 Nf6 2. e5 Nd5 3. c4 Nf4 4. d4 g5 5. g3 Ng6 6. Bxg5 f6 7. exf6 exf6 8. Qe2+
Be7 9. Bxf6 Rf8 10. Bxe7 Nxe7 11. Qh5+ Rf7 12. Bd3 d5 13. Nf3 Bf5 14. Ne5 Bg6
15. Nxf7 Bxh5 16. Nxd8 Kxd8 17. cxd5 Nxd5 18. Bxh7 Nc6 19. Nc3 Ndb4 20. a3 Nc2+
21. Bxc2 Nxd4 22. Be4 c5 23. O-O Rc8 24. f3 b5 25. g4 Bf7 26. Rad1 Bc4 27. Bd3
Kc7 28. Bxc4 bxc4 29. Na4 Ne2+ 30. Kf2 Nd4 31. Nxc5 Nb5 32. a4 Nd6 33. Na6+ Kc6
34. Rd4 Rd8 35. Rfd1 Kb6 36. Rxd6+ Rxd6 37. Rxd6+ Ka5 38. g5 Kxa4 39. g6 Kb3 40.
g7 Kxb2 41. g8=Q c3 42. Qc4 c2 43. Rd2 Ka3 44. Qb5 c1=Q 45. Qb4# 1-0

[Event "Challenge"]
[Site "http://www.queenalice.com/game.php?id=687649"]
[Date "2009.11.24"]
[Round "-"]
[White "Feee"]
[Black "spacey"]
[Result "0-1"]
[WhiteElo "1811"]
[BlackElo "1921"]

1. e4 e6 2. d4 d5 3. e5 c5 4. c3 Nc6 5. Nf3 Qb6 6. b3 Bd7 7. Be3 f6 8. dxc5 Bxc5
9. Bxc5 Qxc5 10. b4 Qe7 11. Qe2 Nh6 12. h3 O-O 13. g4 Nf7 14. b5 Ncxe5 15. Nd4
Nc4 16. Nd2 Nfe5 17. f4 Nxd2 18. fxe5 Nxf1 19. exf6 Qa3 20. Qf3 Rxf6 21. Qd3 Qb2
22. Nc2 Bxb5 0-1

[Event "Challenge"]
[Site "http://www.queenalice.com/game.php?id=688882"]
[Date "2009.11.25"]
[Round "-"]
[White "Feee"]
[Black "Champignac"]
[Result "0-1"]
[WhiteElo "1824"]
[BlackElo "1894"]

1. e4 d5 2. exd5 c6 3. dxc6 Nxc6 4. c3 Nf6 5. d4 e6 6. Nf3 Bd6 7. Bc4 O-O 8. b3
a6 9. Ba3 b5 10. Bd3 Bxa3 11. Nxa3 Nd5 12. Qc2 f5 13. O-O Bb7 14. h4 Nf4 15. Ng5
Qf6 16. Rae1 h6 17. Nf3 Ne7 18. Re3 Ned5 19. Re5 Nxd3 20. Qxd3 Nf4 21. Qe3 Bxf3
22. Qxf4 Bd5 23. Rfe1 Ra7 24. c4 bxc4 25. bxc4 Ba8 26. Rxe6 Qf7 27. d5 Qb7 28.
R6e5 Qb4 29. Nc2 Qc3 30. Rxf5 Rd8 31. Qe3 Qxc2 32. Qxa7 Qxf5 33. Qe7 Rf8 34. f3
Qf4 35. Qe6+ Rf7 36. Qxa6 Qd4+ 37. Kf1 Qd3+ 38. Re2 Bxd5 39. cxd5 Qxa6 0-1

[Event "Challenge"]
[Site "http://www.queenalice.com/game.php?id=688884"]
[Date "2009.11.25"]
[Round "-"]
[White "Feee"]
[Black "dante72"]
[Result "1-0"]
[WhiteElo "1799"]
[BlackElo "1766"]

1. e4 e5 2. Nf3 d6 3. c3 Bg4 4. Be2 Bxf3 5. Bxf3 Nf6 6. d4 Nfd7 7. O-O h6 8. Bg4
Be7 9. f4 O-O 10. dxe5 dxe5 11. Be3 Nf6 12. Bf3 exf4 13. Bxf4 Qxd1 14. Rxd1 c6
15. b4 Na6 16. a3 Rad8 17. c4 Rxd1+ 18. Bxd1 Nxe4 19. Bc2 f5 20. Bd3 g5 21. Be5
Bf6 22. Bxf6 Rxf6 23. g4 Nd6 24. c5 Nf7 25. gxf5 Nc7 26. Nd2 Ne5 27. Be4 Nb5 28.
a4 Nc3 29. Bc2 Ne2+ 30. Kf1 Nf4 31. Re1 Nfd3 32. Re3 Rxf5+ 33. Ke2 Rf2+ 34. Kd1
Nb2+ 35. Kc1 Nec4 36. Nxc4 Nxc4 37. Bb3 Rxh2 38. Bxc4+ 1-0

[Event "AUTO-ADV-1553"]
[Site "http://www.queenalice.com/game.php?id=689021"]
[Date "2009.11.26"]
[Round "1"]
[White "BOSQUES"]
[Black "Feee"]
[Result "1-0"]
[WhiteElo "1835"]
[BlackElo "1793"]

1. d4 Nf6 2. c4 c6 3. Nc3 e6 4. e3 c5 5. d5 a6 6. dxe6 fxe6 7. Nf3 Nc6 8. Be2 d6
9. a3 e5 10. O-O h5 11. e4 Nd4 12. Bg5 Be7 13. Bxf6 Bxf6 14. Nxd4 cxd4 15. Bxh5+
Kf8 16. Nd5 Bd7 17. f4 1-0

[Event "AUTO-ADV-1553"]
[Site "http://www.queenalice.com/game.php?id=689022"]
[Date "2009.11.26"]
[Round "1"]
[White "Feee"]
[Black "BOSQUES"]
[Result "1-0"]
[WhiteElo "1795"]
[BlackElo "1849"]

1. e4 c5 2. c3 Nc6 3. Nf3 e6 4. d4 cxd4 5. cxd4 Bb4+ 6. Bd2 d6 7. Bxb4 Nge7 8.
Bc3 O-O 9. Nbd2 e5 10. d5 Na5 11. b4 b6 12. bxa5 bxa5 13. Qa4 Bg4 14. Be2 Qc7
15. Bxa5 Qc8 16. O-O Ng6 17. Rfc1 Qe8 18. Qxe8 Rfxe8 19. h3 Bxf3 20. Nxf3 Nf4
21. Bb5 Re7 22. Rc7 Rxc7 23. Bxc7 Rc8 24. Bxd6 Rc2 25. Kf1 h6 26. Bxe5 1-0

[Event "AUTO-ADV-1553"]
[Site "http://www.queenalice.com/game.php?id=689035"]
[Date "2009.11.26"]
[Round "1"]
[White "prmntgen"]
[Black "Feee"]
[Result "0-1"]
[WhiteElo "1735"]
[BlackElo "1809"]

1. d4 Nf6 2. c4 e6 3. Nc3 Bb4 4. Bd2 Bxc3 5. Bxc3 Ne4 6. Qd3 f5 7. Nf3 c6 8. e3
b6 9. g3 Ba6 10. Bg2 d5 11. b3 Nd6 12. Ne5 dxc4 13. Nxc4 b5 14. Nxd6+ Qxd6 15.
Qd2 Bb7 16. O-O a5 17. a3 Qd8 18. b4 a4 19. Qe2 O-O 20. Rad1 Nd7 21. Qa2 Re8 22.
Rfe1 Nf6 23. Bf3 Rc8 24. Qb1 Nd5 25. Bxd5 cxd5 26. Rc1 Re7 27. Bd2 e5 28. Qxf5
exd4 29. exd4 Rxe1+ 30. Rxe1 Qf8 31. Qxf8+ Kxf8 32. Rc1 Rc4 33. Be3 Kf7 34. Kg2
Kf6 35. Kf3 h5 36. h4 Kf5 37. Bf4 Rxd4 38. Kg2 Rc4 39. Kh3 d4 40. Bd2 d3 41. Kh2
Kg4 42. Re1 Be4 43. Re3 Rd4 44. Kg1 Bf3 45. Re6 Kf5 46. Rb6 Rd5 47. Rc6 Ke5 48.
Rc3 Be2 49. Kg2 Ke4 50. Rc6 Bf3+ 51. Kf1 Kf5 52. Rc3 g6 53. Rc1 Re5 54. Rc3 Ke4
55. Rc6 Kd5 56. Rxg6 Re2 57. Rf6 Bg4 58. f3 Bh3+ 59. Kg1 Rxd2 60. Rh6 Rg2+ 0-1

[Event "AUTO-ADV-1553"]
[Site "http://www.queenalice.com/game.php?id=689036"]
[Date "2009.11.26"]
[Round "1"]
[White "Feee"]
[Black "prmntgen"]
[Result "1-0"]
[WhiteElo "1777"]
[BlackElo "1784"]

1. e4 e5 2. Nf3 Nc6 3. Bc4 Nf6 4. Ng5 d5 5. exd5 Na5 6. Bb5+ Bd7 7. Qe2 Qe7 8.
Nc3 a6 9. Bxd7+ Nxd7 10. Qh5 g6 11. Qh4 Bg7 12. b4 h6 13. Nf3 Bf6 14. Qe4 b5 15.
d6 Qd8 16. dxc7 Qc8 17. bxa5 Bg7 18. O-O O-O 19. Ba3 Re8 20. Nd5 Nf6 21. Nxf6+
Bxf6 22. Bd6 Re6 23. Qd5 e4 24. Nd4 Bxd4 25. Qxd4 Qd7 26. Be5 Qxd4 27. Bxd4 Rd6
28. c3 Rc8 29. Be5 Re6 30. Bg3 f5 31. f4 Rxc7 32. a4 Rc5 33. Bf2 Rd5 34. Rfd1
Red6 35. axb5 Rxb5 36. c4 Rb2 37. c5 Rdxd2 38. Rxd2 Rxd2 39. Rc1 Rd8 40. c6 Rc8
41. c7 Kf7 42. Bb6 Ke6 43. Rd1 1-0

[Event "AUTO-ADV-1553"]
[Site "http://www.queenalice.com/game.php?id=689045"]
[Date "2009.11.26"]
[Round "1"]
[White "Feee"]
[Black "zemorais"]
[Result "1-0"]
[WhiteElo "1781"]
[BlackElo "1721"]

1. e4 c5 2. c4 e6 3. Nf3 Be7 4. Nc3 Nf6 5. e5 Ng4 6. h3 Nh6 7. g3 Nc6 8. d4 Nf5
9. dxc5 Bxc5 10. Ne4 Bb4+ 11. Bd2 Bxd2+ 12. Qxd2 O-O 13. h4 Nce7 14. g4 Nh6 15.
Rg1 Nc6 16. g5 Nf5 17. h5 Qa5 18. Qxa5 Nxa5 19. O-O-O Nc6 20. Nc5 Rd8 21. Nd3
Ncd4 22. Nxd4 Nxd4 23. Nf4 Nf3 24. Rg3 Nxe5 25. h6 g6 26. Re1 Nc6 27. a3 d6 28.
Rd1 Ne5 29. c5 d5 30. Be2 Bd7 31. Re3 Ng4 32. Bxg4 Rac8 33. Rc3 Ba4 34. b3 Bb5
35. a4 Bc6 36. Nd3 d4 37. Rc4 Be4 38. f3 Bxd3 39. Rxd3 Rc7 40. Rdxd4 Rxd4 41.
Rxd4 Rxc5+ 42. Kb2 Kf8 43. f4 Ke7 44. b4 Rd5 45. Rxd5 exd5 46. Kc3 b6 47. Kd4 f6
48. gxf6+ Kxf6 49. Kxd5 1-0

[Event "AUTO-ADV-1553"]
[Site "http://www.queenalice.com/game.php?id=689046"]
[Date "2009.11.26"]
[Round "1"]
[White "zemorais"]
[Black "Feee"]
[Result "1-0"]
[WhiteElo "1701"]
[BlackElo "1801"]

1. d4 Nf6 2. c4 c6 3. Nc3 e6 4. Nf3 d6 5. e3 g6 6. e4 Bg7 7. Bd3 Nfd7 8. O-O e5
9. dxe5 Nxe5 10. Bf4 Nbd7 11. Nxe5 Nxe5 12. Be2 g5 13. Bg3 Be6 14. Qb3 b5 15.
Rad1 bxc4 16. Qb7 O-O 17. Qb4 c5 18. Qa3 h5 19. Bxh5 g4 20. Nb5 Qb6 21. Nxd6
Rfd8 22. Nf5 Rxd1 23. Rxd1 Rd8 24. Rf1 Rd3 25. Qa4 Bd7 26. Qc2 Bxf5 27. exf5 Qh6
28. Bxe5 Bxe5 29. Bxf7+ Kxf7 30. Qxc4+ Kg7 31. g3 Qd6 32. Qxg4+ Kf7 33. Qh5+ Kf8
34. b3 Bg7 35. Qg4 Rd4 36. Qf3 Rd5 37. Re1 Bf6 38. Re6 Rd1+ 39. Kg2 Qd4 40. Qa8+
Bd8 41. Qf3 Qd5 42. Re3 Qxf3+ 43. Rxf3 Kf7 44. g4 Kf6 45. h4 Rd4 46. g5+ Ke5 47.
f6 Rxh4 48. f7 Be7 49. f8=Q Bxf8 50. Rxf8 Rg4+ 51. Kh3 Rxg5 52. f4+ 1-0

[Event "Challenge"]
[Site "http://www.queenalice.com/game.php?id=689290"]
[Date "2009.11.26"]
[Round "-"]
[White "Feee"]
[Black "Hagi"]
[Result "1-0"]
[WhiteElo "1779"]
[BlackElo "1716"]

1. e4 e5 2. Nf3 Nc6 3. c3 Nf6 4. d3 Be7 5. d4 Nxe4 6. d5 Nb8 7. Nxe5 O-O 8. Bd3
Nf6 9. c4 d6 10. Nf3 c5 11. h3 Qa5+ 12. Bd2 Qc7 13. Nc3 Re8 14. Nb5 Qd7 15. Bf5
Bd8+ 16. Be3 Qxf5 17. Nxd6 Rxe3+ 18. fxe3 Qh5 19. Nxc8 Ba5+ 20. Ke2 Ne4 21. Qa4
Ng3+ 22. Kf2 Kf8 23. Kxg3 Qg6+ 24. Kf2 Bd8 25. d6 Na6 26. d7 Nc7 27. Rad1 a6 28.
Rd6 Qf5 29. Re1 b5 30. Qb3 Rxc8 31. e4 bxc4 32. exf5 cxb3 33. dxc8=Q bxa2 34.
Qxd8+ 1-0

[Event "Challenge"]
[Site "http://www.queenalice.com/game.php?id=690265"]
[Date "2009.11.29"]
[Round "-"]
[White "Feee"]
[Black "conan"]
[Result "0-1"]
[WhiteElo "1827"]
[BlackElo "1655"]

1. e4 e5 2. Nf3 f6 3. Bc4 Nh6 4. d4 exd4 5. Nxd4 c6 6. Bxh6 b5 7. Bxg7 Qa5+ 8.
c3 Bxg7 9. Qh5+ Kd8 10. b4 Qb6 11. Bb3 Re8 12. O-O Rxe4 13. Qxh7 Re7 14. Nf5 Bf8
15. Nxe7 Bxe7 16. Re1 Bd6 17. Qh8+ Kc7 18. Qxf6 c5 19. Re8 Bxh2+ 20. Kxh2 Qxf6
21. Bd5 Bb7 0-1

[Event "Challenge"]
[Site "http://www.queenalice.com/game.php?id=694519"]
[Date "2009.12.8"]
[Round "-"]
[White "Feee"]
[Black "Ana_Cris"]
[Result "1-0"]
[WhiteElo "1813"]
[BlackElo "1132"]

1. e4 e5 2. Nf3 f6 3. Bc4 Ne7 4. Nc3 c6 5. d4 d6 6. dxe5 Ng6 7. exd6 Qd7 8. Nd4
Qxd6 9. O-O c5 10. Ndb5 Qc6 11. Nd4 cxd4 12. Bb5 Bg4 13. Qxg4 Bc5 14. Bxc6+ bxc6
15. Na4 O-O 16. Nxc5 f5 17. exf5 Ne7 18. Ne6 Nxf5 19. Nxf8 g6 20. Ne6 Kf7 21.
Re1 a5 22. Qf3 Ra6 23. g4 Ke7 24. Nc5+ Kd6 25. Nxa6 Nxa6 26. gxf5 g5 27. Re6+
Kd7 28. Qxc6+ Kd8 29. Re8# 1-0

[Event "Challenge"]
[Site "http://www.queenalice.com/game.php?id=696133"]
[Date "2009.12.11"]
[Round "-"]
[White "Feee"]
[Black "Ana_Cris"]
[Result "1-0"]
[WhiteElo "1822"]
[BlackElo "1060"]

1. e4 e5 2. Nf3 f6 3. c3 c5 4. Bc4 Nh6 5. h3 b6 6. d4 Bb7 7. Nbd2 Nc6 8. d5 Na5
9. Bd3 b5 10. Bxb5 Qb6 11. Qa4 Qc7 12. b4 a6 13. Be2 c4 14. bxa5 f5 15. Nxc4 Bc6
16. dxc6 Qxc6 17. Qxc6 dxc6 18. Nfxe5 O-O-O 19. Bxh6 Rg8 20. Bg5 Re8 21. Nd6+
Bxd6 22. Bxa6+ Kb8 23. Nxc6+ Kc7 24. c4 Bb4+ 25. Nxb4 Rxe4+ 26. Kd1 Rxc4 27.
Bxc4 Rd8+ 28. Bd3 Rd4 29. Rb1 f4 30. Re1 1-0

[Event "Challenge"]
[Site "http://www.queenalice.com/game.php?id=711745"]
[Date "2010.1.10"]
[Round "-"]
[White "Feee"]
[Black "gatinha"]
[Result "1-0"]
[WhiteElo "1814"]
[BlackElo "1554"]

1. e4 d6 2. d4 Nf6 3. Nc3 g5 4. Bxg5 h6 5. Bf4 Nc6 6. d5 Ne5 7. Bb5+ Bd7 8. Qe2
c6 9. dxc6 bxc6 10. Ba4 Be6 11. Bxe5 Rc8 12. Bd4 Bg7 13. Bxa7 Ng4 14. Qa6 Ra8
15. Bxc6+ Bd7 16. Bxa8 Qxa8 17. f3 Ne3 18. Nb5 Nxc2+ 19. Kd2 Nxa1 20. Nc7+ Kd8
21. Nxa8 e5 22. Bb6+ Ke7 23. Bc7 Rb8 24. Bxb8 Bf6 25. Qxd6+ Kd8 26. Nb6 Be7 27.
Qxd7# 1-0